| 000 | 01077nam a22003257a 4500 | ||
|---|---|---|---|
| 003 | CHAP | ||
| 005 | 20220329135648.0 | ||
| 008 | 971013s1995 r 00010 d | ||
| 010 | _a40122 | ||
| 011 | _a41094 | ||
| 035 | _a45220 | ||
| 040 | _cCHAP | ||
| 082 |
_a581.508 _bM3 |
||
| 100 | 0 | 0 |
_aMartÃn, Gary J. _971733 |
| 245 |
_aEthnobotany _b: a methods manual |
||
| 260 |
_aLondon : _bChapman & Hall, _c1995 |
||
| 300 |
_a268 p. _b: ilus. |
||
| 490 | _aA People and plant conservation manual | ||
| 590 |
_aBATCH-UPD _b10 _c20130110 _lUCH01 _h1005 |
||
| 590 |
_aBATCH-UPD _b10 _c20130410 _lUCH01 _h0615 |
||
| 590 |
_aBATCH-UPD _b10 _c20130914 _lUCH01 _h1330 |
||
| 590 |
_aCONVERSION _b10 _c20130109 _lUCH01 _h1322 |
||
| 650 | 1 | 4 |
_aEtnobotánica. _938611 |
| 710 | 0 |
_aWorld Wide Fund for Nature. _9122745 |
|
| 830 | 0 |
_aA People and plant conservation manual _984 |
|
| 901 | _aBK | ||
| 942 | _cLIBRO | ||
| 949 |
_a581.508 M3 _bBC _cLIBRO _d33724000003901 _eLIBRO _gI.179221 _h88225 _i45220 _si _t211.00 |
||
| 949 |
_a581.508 M3 _bBC _cLIBRO _d33724000040234 _eLIBRO _fc.2 _h89620 _i45220 _mD _si |
||
| 999 |
_c40122 _d40122 |
||